Retour en URSS combler les besions de la population dans une économie planifiée

Wedi'i Gadw mewn:
Manylion Llyfryddiaeth
Fformat: Llyfr
Iaith:Undetermined
Cyhoeddwyd: Les Éditions Duval 1994
Tagiau: Ychwanegu Tag
Dim Tagiau, Byddwch y cyntaf i dagio'r cofnod hwn!
Thư viện lưu trữ: Trung tâm Học liệu Trường Đại học Cần Thơ
LEADER 00433nam a2200133Ia 4500
001 CTU_156201
008 210402s9999 xx 000 0 und d
082 |a 330.947 
082 |b K94 
245 0 |a Retour en URSS combler les besions de la population dans une économie planifiée 
245 0 |c Achim K. Krull, Murray Shukyn 
260 |b Les Éditions Duval 
260 |c 1994 
980 |a Trung tâm Học liệu Trường Đại học Cần Thơ